000 00369nam a2200157Ia 4500
008 230917s9999||||xx |||||||||||||| ||und||
040 _e152956
_aMAIN
041 _aEnglish
082 _a346.03 S92L
100 _aSukla, M.N
245 0 _aApkritya vidhi
250 _a22nd ed.
260 _aAllahabad
_bCentral law
_c2009
300 _axlvii, 133p p.
942 _cBK
999 _c154280
_d154280